LEADER 01004nam a2200217 i 4500 001 000000006549 003 CaOOAMICUS 005 20180830125438.0 008 180830s1978 it u000 u ita u 040 $aSeMil$bita 100 1 $aJenni, Ernst.$0(OLS)http://semarc/name/1360 245 10$aDizionario teologico dell'Antico Testamento /$cE. Jenni, C. Westermann. 260 $a[Genova] :$bMarietti,$c1978-1981. 650 4$aTeologia biblica - AT.$0(OLS)http://semarc/subject/540 650 4$aTeologia biblica - Enciclopedie e dizionari.$0(OLS)http://semarc/subject/990 700 1 $aPrato, Gian Luigi.$0(OLS)http://semarc/name/3428 700 1 $aWestermann, Claus,$d<1909-2000>.$0(OLS)http://semarc/name/1361 774 0 $t'ab.$d[Genova] : Marietti, 1978.$g1$w()102744 774 0 $tNe'um.$d[Genova] : Marietti, 1982.$z88-211-7305-4$g2$w()102745 996 $6245$aDizionario teologico dell'Antico Testamento$9(OLS)http://semarc/title/8719 996 $6260$a[Genova] :$bMarietti$9(OLS)http://semarc/publisher/30011 LEADER 01237nam a2200265 i 4500 001 000000100813 003 CaOOAMICUS 005 20180830171913.0 008 180830s1999 xx u000 u und u 013 $a72965 020 $a88-18-70224-6 040 $aSeMil$bita 100 1 $aHegel, Georg Wilhelm Friederich,$d<1770-1831>.$0(OLS)http://semarc/name/642 245 10$aAristotele (secondo l'edizione postuma del 1833 delle "Lezioni sulla storia della filosofia" curate da Karl Ludwig Michelet) 260 $aMilano :$bRusconi,$c1999. 300 $a336 p. 490 0 $aTesti a fronte ;$v74 600 04$aAristotele <384-322 a.C.>.$0(OLS)http://semarc/subject/1987 700 1 $aCicero, Vincenzo,$d<1962- >.$0(OLS)http://semarc/name/316 830 0$aTesti a fronte Rusconi ;$v74.$0(OLS)http://semarc/title/593 850 $aSeMil 852 $aSeMil$W1$xVenegono$y1$m72 22 74 *$j57836$B57836$CSeMilBibl$Z2$F68324 $81 996 $6020$a88-18-70224-6$9(OLS)http://semarc/number/80609 996 $6245$aAristotele (secondo l'edizione postuma del 1833 delle "Lezioni sulla storia della filosofia" curate da Karl Ludwig Michelet)$9(OLS)http://semarc/title/147894 996 $6260$aMilano :$bRusconi$9(OLS)http://semarc/publisher/30258